00305nam a2200121 45000820008000001000028000082450068000362600011001043000011001157000028001269420012001549990017001660 a4141 aWatters, Kathie Swanson10aThe status and function of tone in tiracKathie Swanson Watters cc.1993 a140 p.1 aWatters, Kathie Swanson 2ddccBK c64204d64178